<?xml version="1.0" encoding="UTF-8"?>
<record
    xmlns:xsi="http://www.w3.org/2001/XMLSchema-instance"
    xsi:schemaLocation="http://www.loc.gov/MARC21/slim http://www.loc.gov/standards/marcxml/schema/MARC21slim.xsd"
    xmlns="http://www.loc.gov/MARC21/slim">

  <leader>00840nam a22002297a 4500</leader>
  <controlfield tag="003">UA-OsUOA</controlfield>
  <controlfield tag="001"> 61260 </controlfield>
  <controlfield tag="007">ta</controlfield>
  <controlfield tag="008">20090624b un ||||| |||| 00| 0 ukr d</controlfield>
  <datafield tag="090" ind1=" " ind2=" ">
    <subfield code="a">373.51</subfield>
    <subfield code="b">&#x406;-66</subfield>
  </datafield>
  <datafield tag="942" ind1=" " ind2=" ">
    <subfield code="c">BK</subfield>
  </datafield>
  <datafield tag="040" ind1=" " ind2=" ">
    <subfield code="a">UA-OsUOA</subfield>
    <subfield code="b">ukr</subfield>
    <subfield code="c">UA-OsUOA</subfield>
    <subfield code="d">UA-OsUOA</subfield>
  </datafield>
  <datafield tag="245" ind1=" " ind2=" ">
    <subfield code="a">&#x406;&#x43D;&#x43D;&#x43E;&#x432;&#x430;&#x446;&#x456;&#x439;&#x43D;&#x456; &#x43F;&#x435;&#x434;&#x430;&#x433;&#x43E;&#x433;&#x456;&#x447;&#x43D;&#x456; &#x442;&#x435;&#x445;&#x43D;&#x43E;&#x43B;&#x43E;&#x433;&#x456;&#x457; &#x432; &#x43F;&#x440;&#x430;&#x43A;&#x442;&#x438;&#x446;&#x456; &#x440;&#x43E;&#x431;&#x43E;&#x442;&#x438; &#x437;&#x430;&#x433;&#x430;&#x43B;&#x44C;&#x43D;&#x43E;&#x43E;&#x441;&#x432;&#x456;&#x442;&#x43D;&#x456;&#x445; &#x43D;&#x430;&#x432;&#x447;&#x430;&#x43B;&#x44C;&#x43D;&#x438;&#x445; &#x437;&#x430;&#x43A;&#x43B;&#x430;&#x434;&#x456;&#x432; &#x423;&#x43A;&#x440;&#x430;&#x457;&#x43D;&#x438;</subfield>
    <subfield code="b">&#x406;&#x43D;&#x444;&#x43E;&#x440;&#x43C;&#x430;&#x446;&#x456;&#x439;&#x43D;&#x43E;-&#x430;&#x43D;&#x430;&#x43B;&#x456;&#x442;&#x438;&#x447;&#x43D;&#x438;&#x439; &#x434;&#x43E;&#x432;&#x456;&#x434;&#x43D;&#x438;&#x43A;</subfield>
    <subfield code="c">&#x417;&#x430; &#x440;&#x435;&#x434; &#x417;&#x430;&#x432;&#x430;&#x43B;&#x435;&#x432;&#x441;&#x44C;&#x43A;&#x43E;&#x433;&#x43E; &#x42E;. &#x406;.</subfield>
  </datafield>
  <datafield tag="300" ind1=" " ind2=" ">
    <subfield code="a">200 &#x441;.</subfield>
  </datafield>
  <datafield tag="955" ind1=" " ind2=" ">
    <subfield code="a">2</subfield>
  </datafield>
  <datafield tag="041" ind1=" " ind2=" ">
    <subfield code="a">ukr</subfield>
  </datafield>
  <datafield tag="080" ind1=" " ind2=" ">
    <subfield code="a">373.51</subfield>
  </datafield>
  <datafield tag="020" ind1=" " ind2=" ">
    <subfield code="a">978-966-8874-38-3</subfield>
  </datafield>
  <datafield tag="260" ind1=" " ind2=" ">
    <subfield code="a">&#x421;&#x443;&#x43C;&#x438;</subfield>
    <subfield code="b">&#x410;&#x43D;&#x442;&#x435;&#x439;</subfield>
    <subfield code="c">2007</subfield>
  </datafield>
  <datafield tag="650" ind1=" " ind2="7">
    <subfield code="a">373 &#x412;&#x438;&#x434;&#x438; &#x437;&#x430;&#x433;&#x430;&#x43B;&#x44C;&#x43D;&#x43E;&#x43E;&#x441;&#x432;&#x456;&#x442;&#x43D;&#x456;&#x445; &#x448;&#x43A;&#x456;&#x43B;</subfield>
    <subfield code="2">UDC</subfield>
  </datafield>
  <datafield tag="999" ind1=" " ind2=" ">
    <subfield code="c">347155</subfield>
    <subfield code="d">347155</subfield>
  </datafield>
  <datafield tag="952" ind1=" " ind2=" ">
    <subfield code="0">0</subfield>
    <subfield code="1">0</subfield>
    <subfield code="2">udc</subfield>
    <subfield code="4">0</subfield>
    <subfield code="7">0</subfield>
    <subfield code="a">101</subfield>
    <subfield code="b">101</subfield>
    <subfield code="d">2009-06-24</subfield>
    <subfield code="e">97/2009</subfield>
    <subfield code="g">17.06</subfield>
    <subfield code="i">121630</subfield>
    <subfield code="l">0</subfield>
    <subfield code="o">373.51 &#x406;-66</subfield>
    <subfield code="p">121630</subfield>
    <subfield code="r">2021-12-22 00:00:00</subfield>
    <subfield code="w">2009-06-24</subfield>
    <subfield code="y">BK</subfield>
  </datafield>
  <datafield tag="952" ind1=" " ind2=" ">
    <subfield code="0">0</subfield>
    <subfield code="1">0</subfield>
    <subfield code="2">udc</subfield>
    <subfield code="4">0</subfield>
    <subfield code="7">0</subfield>
    <subfield code="a">101</subfield>
    <subfield code="b">101</subfield>
    <subfield code="d">2009-06-24</subfield>
    <subfield code="e">97/2009</subfield>
    <subfield code="g">17.06</subfield>
    <subfield code="i">121631</subfield>
    <subfield code="l">0</subfield>
    <subfield code="o">373.51 &#x406;-66</subfield>
    <subfield code="p">121631</subfield>
    <subfield code="r">2021-12-22 00:00:00</subfield>
    <subfield code="w">2009-06-24</subfield>
    <subfield code="y">BK</subfield>
  </datafield>
  <datafield tag="952" ind1=" " ind2=" ">
    <subfield code="0">0</subfield>
    <subfield code="1">0</subfield>
    <subfield code="2">udc</subfield>
    <subfield code="4">0</subfield>
    <subfield code="7">0</subfield>
    <subfield code="a">101</subfield>
    <subfield code="b">101</subfield>
    <subfield code="d">2009-06-24</subfield>
    <subfield code="e">97/2009</subfield>
    <subfield code="g">17.06</subfield>
    <subfield code="i">121632</subfield>
    <subfield code="l">0</subfield>
    <subfield code="o">373.51 &#x406;-66</subfield>
    <subfield code="p">121632</subfield>
    <subfield code="r">2021-12-22 00:00:00</subfield>
    <subfield code="w">2009-06-24</subfield>
    <subfield code="y">BK</subfield>
  </datafield>
  <datafield tag="952" ind1=" " ind2=" ">
    <subfield code="0">0</subfield>
    <subfield code="1">0</subfield>
    <subfield code="2">udc</subfield>
    <subfield code="4">0</subfield>
    <subfield code="7">0</subfield>
    <subfield code="a">101</subfield>
    <subfield code="b">101</subfield>
    <subfield code="d">2009-06-24</subfield>
    <subfield code="e">97/2009</subfield>
    <subfield code="g">17.06</subfield>
    <subfield code="i">121633</subfield>
    <subfield code="l">0</subfield>
    <subfield code="o">373.51 &#x406;-66</subfield>
    <subfield code="p">121633</subfield>
    <subfield code="r">2021-12-22 00:00:00</subfield>
    <subfield code="w">2009-06-24</subfield>
    <subfield code="y">BK</subfield>
  </datafield>
  <datafield tag="952" ind1=" " ind2=" ">
    <subfield code="0">0</subfield>
    <subfield code="1">0</subfield>
    <subfield code="2">udc</subfield>
    <subfield code="4">0</subfield>
    <subfield code="7">0</subfield>
    <subfield code="a">101</subfield>
    <subfield code="b">101</subfield>
    <subfield code="d">2009-06-24</subfield>
    <subfield code="e">97/2009</subfield>
    <subfield code="g">17.06</subfield>
    <subfield code="i">121634</subfield>
    <subfield code="l">0</subfield>
    <subfield code="o">373.51 &#x406;-66</subfield>
    <subfield code="p">121634</subfield>
    <subfield code="r">2021-12-22 00:00:00</subfield>
    <subfield code="w">2009-06-24</subfield>
    <subfield code="y">BK</subfield>
  </datafield>
  <datafield tag="952" ind1=" " ind2=" ">
    <subfield code="0">0</subfield>
    <subfield code="1">0</subfield>
    <subfield code="2">udc</subfield>
    <subfield code="4">0</subfield>
    <subfield code="7">0</subfield>
    <subfield code="a">101</subfield>
    <subfield code="b">101</subfield>
    <subfield code="d">2009-06-24</subfield>
    <subfield code="e">97/2009</subfield>
    <subfield code="g">17.06</subfield>
    <subfield code="i">121635</subfield>
    <subfield code="l">0</subfield>
    <subfield code="o">373.51 &#x406;-66</subfield>
    <subfield code="p">121635</subfield>
    <subfield code="r">2021-12-22 00:00:00</subfield>
    <subfield code="w">2009-06-24</subfield>
    <subfield code="y">BK</subfield>
  </datafield>
  <datafield tag="952" ind1=" " ind2=" ">
    <subfield code="0">0</subfield>
    <subfield code="1">0</subfield>
    <subfield code="2">udc</subfield>
    <subfield code="4">0</subfield>
    <subfield code="7">0</subfield>
    <subfield code="a">101</subfield>
    <subfield code="b">101</subfield>
    <subfield code="d">2009-06-24</subfield>
    <subfield code="e">97/2009</subfield>
    <subfield code="g">17.06</subfield>
    <subfield code="i">121636</subfield>
    <subfield code="l">0</subfield>
    <subfield code="o">373.51 &#x406;-66</subfield>
    <subfield code="p">121636</subfield>
    <subfield code="r">2021-12-22 00:00:00</subfield>
    <subfield code="w">2009-06-24</subfield>
    <subfield code="y">BK</subfield>
  </datafield>
</record>
